Popularne zagraniczne piosenki w Polsce. 16-22.04 Spotify - Statystyki

Ogólne statystyki
  • Ten quiz został rozwiązany 6 razy
  • Średni wynik to 6 z 30
Statystyki odpowiedzi
Wykonawca Odsłuchania Utwór % Poprawnych
The Weeknd 305K Blinding Lights
67%
Duncan Laurence 208K Arcade
50%
The Weeknd 370K Save Your Tears
50%
Tom Odell 308K Another Love
33%
Olivia Rodrigo 336K drivers license
33%
24kGoldn, iann dior 207K Mood
33%
AURORA 291K Runaway
33%
Harry Styles 242K Watermelon Sugar
33%
Masked Wolf 454K Astronaut In The Ocean
17%
Olivia Rodrigo 258K deja vu
17%
Riton, Nightcrawlers, Mufasa, Hypeman 535K Friday
17%
Doja Cat, SZA 313K Kiss Me More
17%
Bruno Mars, Anderson .Paak, Silk Sonic 232K Leave The Door Open
17%
Dua Lipa, DaBaby 333K Levitating
17%
MEDUZA, Dermot Kennedy 234K Paradise
17%
Justin Bieber, Daniel Caesar, Giveon 454K Peaches
17%
Miley Cyrus, Dua Lipa 240K Prisoner
17%
Doja Cat 214K Streets
17%
The Neighbourhood 250K Sweater Weather
17%
Tiesto 342K The Business
17%
Cardi B 181K Up
17%
Dua Lipa 209K We're Good
17%
ATB, Topic, A7S 261K Your Love (9PM)
17%
Joel Corry, MNEK 208K Head & Heart
0%
Lil Nas X 659K MONTERO (Call Me By Your Name)
0%
Ava Max 225K My Head & My Heart
0%
Ofenbach, Quarterhead, Norma Jean Martine 207K My Head Shoulders Knees & Toes
0%
SAINt JHN, Imanbek 182K Roses
0%
Ofenbach, Lagique 246K Wasted Love
0%
Nathan Evans, 220 KID, Billen Ted 198K Wellerman - Sea Shanty
0%
Nie znaleziono quizów pasujących do podanych kryteriów
Rozkład punktacji
Procent ludzi z każdym wynikiem
Percentyl według liczby udzielonych odpowiedzi
Twoja historia wyników
Nie rozwiązałeś tego quizu